|
|
|
|
| LEADER |
00000nam a22000000a 4500 |
| 001 |
vtls010321352 |
| 003 |
SK-MaSNL |
| 005 |
20260301052729.0 |
| 008 |
240315s2011 xo r 000 0 slo |
| 015 |
|
|
|a SNBA2012/01-00570
|
| 020 |
|
|
|a 9788097047672
|q (brož.)
|
| 035 |
|
|
|a 7FF3DD6D-6F12-4D20-BBF0-5E1C7AFC4C21
|
| 035 |
|
|
|a urn:nbn:sk:snk-amjixo
|
| 035 |
|
|
|a urn:nbn:sk:snk-am002e0p
|
| 040 |
|
|
|a SNK
|b slo
|c SNK
|e AACR2
|
| 041 |
1 |
|
|a slo
|h eng
|
| 044 |
|
|
|a xo
|c SK
|
| 072 |
|
7 |
|a 27
|x Kresťanstvo. Kresťanská cirkev všeobecne. Ekleziológia
|2 konspekt
|
| 080 |
|
|
|a 27-4
|2 2001
|
| 080 |
|
|
|a 27
|2 2001
|
| 080 |
|
|
|a 27-145.55
|2 2001
|
| 080 |
|
|
|a 27-277.2
|2 2001
|
| 080 |
|
|
|a (0:82-32)
|2 2001
|
| 080 |
|
|
|a (0:82-4)
|2 2001
|
| 100 |
1 |
|
|a Osteen, John,
|d 1921-1999
|4 aut
|9 362049
|
| 240 |
1 |
0 |
|a There is miracle in your mouth
|l Slovensky
|
| 245 |
1 |
0 |
|a Zázrak v tvojich ústach
|c John Osteen ; [preklad Lenka Dunajská]
|
| 250 |
|
|
|a 1. slov. vyd.
|
| 260 |
|
|
|a Banská Bystrica
|b COM SK
|c 2011
|
| 300 |
|
|
|a 31 s.
|c 18 cm
|
| 650 |
0 |
7 |
|a kresťanská viera
|2 SNKPH
|9 1712
|
| 650 |
0 |
7 |
|a kresťanský život
|2 SNKPH
|9 1808
|
| 650 |
0 |
7 |
|a biblické citáty
|2 SNKPH
|9 1914
|
| 650 |
0 |
7 |
|a Christian faith
|2 SNKPHeng
|9 266204
|
| 650 |
0 |
7 |
|a Christian life
|2 SNKPHeng
|9 265582
|
| 650 |
0 |
7 |
|a Biblical quotations
|2 SNKPHeng
|9 268253
|
| 655 |
|
7 |
|a príbehy
|2 SNKPH
|9 70507
|
| 655 |
|
7 |
|a úvahy
|2 SNKPH
|9 29403
|
| 655 |
|
7 |
|a Stories
|2 SNKPHeng
|9 265785
|
| 655 |
|
7 |
|a Essays
|2 SNKPHeng
|9 267540
|
| 700 |
1 |
|
|a Dunajská, Lenka
|4 trl
|9 362050
|
| 852 |
|
|
|a Štátna vedecká knižnica v Banskej Bystrici
|
| 919 |
|
|
|a 978-80-970476-7-2
|
| 958 |
|
|
|a OP
|
| 958 |
|
|
|a NT
|
| 968 |
|
|
|b ENG
|d 2
|
| 999 |
|
|
|c 606524
|d 608454
|
| 952 |
|
|
|a SNK
|b SNK
|y PREZ
|7 0
|p 17A0787375
|o snkSD 80558
|i snk2011/23610
|8 0
|0 0
|1 0
|4 0
|d 2011-11-29
|l 0
|r 2025-12-01 00:00:00
|w 2026-02-23
|
| 952 |
|
|
|a SNK
|b SNK
|y VYP
|7 0
|p 17A0787376
|o snkSD 80558 D1
|i snk2011/23611
|8 0
|0 0
|1 0
|4 0
|d 2011-11-29
|f 1
|l 0
|r 2017-06-30 00:00:00
|w 2026-02-23
|